Statistiques concernant Contrepèterie #1

Cliquez ici pour prendre le quiz!

Statistiques générales

  • Ce quiz a été pris 98 fois
  • Le résultat moyen est 6 sur 15

Statistiques - réponses

Phrase 1Phrase 2% Correct
1Attention le pont va casser !Attention le con va passer !
83%
7Il y a une tâche sur la voiture.Il y a une vache sur la toiture.
65%
8Le bras sur la chaise.Le chat sur la braise.
63%
2Tu connais le Saint-Nectaire ?Tu connais le nain sectaire ?
58%
14OpéraApéro
53%
15Gary part de LyonParis gare de Lyon
51%
9L'outrage du vent.L’ouvrage du temps.
47%
3Sacré champ de coton !Sacré temps de cochon !
42%
13Un lien vaut mieux que deux tutorats.Un tien vaut mieux que deux tu l’auras.
40%
10Des voyelles en otage.Des voyages en hôtel.
36%
6La petite maison dans la prairie.La petite prison dans la mairie.
36%
5Un mot vache.Un veau mâche.
28%
4La Banque Postale.La Poste bancale.
11%
11Le poète qui rêve est un néant fécond.Le poète qui rêve est un con fainéant.
9%
12Mieux vaut tаrd que jamais.Vieux motаrd que jamais.
1%

Distribution des résultats

Percentile par nombre de réponses

% des personnes avec chaque résultat

Votre développement - résultats

Vous n’avez pas pris ce quiz